Drapeau des pays de l'Union Européenne - mort subite - Statistiques

Statistiques générales
  • Ce quiz a été pris 4 908 fois
    4 800 depuis la dernière actualisation
  • Le résultat moyen est 7 sur 14
Answers on the Grid
Answers color-coded by a green-red scale on the quiz's grid according to % correct below.
 
Statistiques - réponses
Réponse % Correct
63%
60%
60%
60%
59%
49%
48%
41%
41%
40%
39%
37%
34%
33%
Aucun quiz correspondant
Distribution des résultats
% des personnes avec chaque résultat
Percentile par nombre de réponses
Votre historique - résultats
Vous n’avez pas pris ce quiz depuis la dernière actualisation